banner-ar

اليهود فى البلدان الاسلامية: (عالم المعرفة 1970) / (Record no. 51521)

MARC details
000 -الفاتح
حقل البيانات ثابتة الطول 00751nam a2200217Ia 4500
008 - عناصر البيانات ثابتة الطول - معلومات عامة
حقل البيانات ثابتة الطول 140319s9999 xx 000 0 ara d
040 ## - مصدر الفهرسة
وكالة الفهرسة الأصلية GCL /
وكالة النسخ GCL
082 04 - رقم تصنيف ديوى العشرى
رقم التصنيف 956.9
رقم المادة ا ى
100 1# - المدخل الرئيسى - إسم شخصى
الإسم الشخصى افيطبول، ميجال
245 10 - بيان العنوان
العنوان اليهود فى البلدان الاسلامية: (عالم المعرفة 1970) /
بيان المسئوليه,etc افيطبول، ميجال
700 1# - المدخل الاضافى - اسم شخصى
الإسم الشخصى اتيجر، صموئيل
300 ## - الوصف المادى
التعداد 462 ص
490 ## - بيان السلسلة
عنوان السلسلة عالم المعرفة
رقم المجلد/ التعيين التسلسلي 0
650 04 - المدخل الاضافى بالموضوع-مصطلح موضوعى
مصطلح موضوعي اليهود - الاحوال الاجتماعية
650 04 - المدخل الاضافى بالموضوع-مصطلح موضوعى
مصطلح موضوعي اليهود - تاريخ
650 04 - المدخل الاضافى بالموضوع-مصطلح موضوعى
مصطلح موضوعي اليهود - الاحوال الاقتصادية
650 04 - المدخل الاضافى بالموضوع-مصطلح موضوعى
مصطلح موضوعي اليهود - تشتت
650 04 - المدخل الاضافى بالموضوع-مصطلح موضوعى
مصطلح موضوعي المسلمون اليهود
942 ## - عناصر المدخل الإضافي( كوها)
مصدر التصنيف او مخطط الترفيف Dewey Decimal Classification
Koha [default] item type كتاب
Holdings
حالة التراجع حالة الفقد حالة تلف ليس للاعارة المكان المؤقت الموقع الحالى تاريخ الاكتساب اجمالي اﻻعارات رقم الطلب الباركود تاريخ اخر مشاهدة تاريخ تفعيل السعر نوع وعاء كوها
        مكتبة القاهرة الكبرى مكتبة القاهرة الكبرى 03/26/2014   956.9\ا ى 123434 03/26/2014 03/26/2014 كتاب

Powered By

EGPV